Ligue des champions de l'UEFA - Joueurs les plus capés - Statistiques

Statistiques générales
  • Ce quiz a été pris 750 fois
    167 depuis la dernière actualisation
  • Le résultat moyen est 8 sur 10
Statistiques - réponses
Apparition Nationalité Joueur % Correct
187 Portugal Cristiano Ronaldo
100%
163 Argentine Lionel Messi
98%
153 Croatie Luka Modrić
97%
165 Allemagne Thomas Müller
89%
152 France Karim Benzema
83%
157 Espagne Xavi
81%
181 Espagne Iker Casillas
74%
153 Allemagne Toni Kroos
72%
152 Allemagne Manuel Neuer
71%
151 Pays de Galles Ryan Giggs
60%
Aucun quiz correspondant
Distribution des résultats
% des personnes avec chaque résultat
Percentile par nombre de réponses
Votre historique - résultats
Vous n’avez pas pris ce quiz depuis la dernière actualisation